000 00366nam a2200133Ia 4500
008 240624s9999 xx 000 0 und d
041 _aeng
082 _a828 NEM
100 _aNEMANI SHANKAR G
245 _aSTAY YOUNG AND HEALTHY THROUGH THE BUSIN
260 _c2014
_aNew Delhi
_bIndian Publishing House
300 _aviii, : 152 : p. : cm. ; 21
365 _cRS
_b25
999 _c23888
_d23888